All 2024 Olympic Medalists: Artistic Gymnastics - Statistics

General Stats
  • This quiz has been taken 53 times
    33 since last reset
  • The average score is 33 of 67
Answer Stats
Gender Event Medal Nationality/Team Medalist % Correct
Women's Team All-Around Gold USA Simone Biles
92%
Women's Individual All-Around Gold USA Simone Biles
92%
Women's Vault Gold USA Simone Biles
92%
Women's Floor Exercise Silver USA Simone Biles
92%
Women's Team All-Around Gold USA Sunisa Lee
80%
Women's Individual All-Around Bronze USA Sunisa Lee
80%
Women's Uneven Bars Bronze USA Sunisa Lee
80%
Women's Team All-Around Gold USA Jade Carey
76%
Women's Vault Bronze USA Jade Carey
76%
Women's Team All-Around Gold USA Jordan Chiles
76%
Women's Team All-Around Bronze Brazil Rebeca Andrade
76%
Women's Individual All-Around Silver Brazil Rebeca Andrade
76%
Women's Vault Silver Brazil Rebeca Andrade
76%
Women's Floor Exercise Gold Brazil Rebeca Andrade
76%
Women's Uneven Bars Gold Algeria Kaylia Nemour
72%
Women's Team All-Around Silver Italy Alice D'Amato
68%
Women's Balance Beam Gold Italy Alice D'Amato
68%
Women's Team All-Around Gold USA Hezly Rivera
68%
Women's Team All-Around Bronze Brazil Flavia Saraiva
64%
Men's Team All-Around Bronze USA Stephen Nedoroscik
60%
Men's Pommel Horse Bronze USA Stephen Nedoroscik
60%
Women's Floor Exercise Bronze Romania Ana Barbosu
56%
Men's Vault Gold Philippines Carlos Yulo
56%
Men's Floor Exercise Gold Philippines Carlos Yulo
56%
Women's Team All-Around Bronze Brazil Jade Barbosa
56%
Men's Team All-Around Bronze USA Brody Malone
52%
Women's Team All-Around Silver Italy Manila Esposito
52%
Women's Balance Beam Bronze Italy Manila Esposito
52%
Men's Pommel Horse Gold Ireland Rhys McClenaghan
52%
Men's Team All-Around Bronze USA Fred Richard
48%
Men's Floor Exercise Bronze Great Britain Jake Jarman
48%
Men's Team All-Around Bronze USA Asher Hong
44%
Men's Team All-Around Gold Japan Daiki Hashimoto
44%
Men's Team All-Around Bronze USA Paul Juda
44%
Women's Team All-Around Silver Italy Elisa Iorio
40%
Women's Team All-Around Silver Italy Giorgia Villa
40%
Women's Team All-Around Bronze Brazil Julia Soares
40%
Men's Floor Exercise Silver Israel Artem Dolgopyat
36%
Men's Vault Silver Armenia Artur Davtyan
36%
Men's Vault Bronze Great Britain Harry Hepworth
36%
Men's Team All-Around Gold Japan Shinnosuke Oka
36%
Men's Individual All-Around Gold Japan Shinnosuke Oka
36%
Men's Parallel Bars Bronze Japan Shinnosuke Oka
36%
Men's Horizontal Bar Gold Japan Shinnosuke Oka
36%
Women's Team All-Around Silver Italy Angela Andreoli
32%
Men's Horizontal Bar Silver Colombia Angel Barajas
32%
Men's Parallel Bars Silver Ukraine Illia Kovtun
32%
Men's Team All-Around Silver China Liu Yang
32%
Men's Rings Gold China Liu Yang
32%
Men's Pommel Horse Silver Kazakhstan Nariman Kurbanov
32%
Men's Team All-Around Silver China Zhang Boheng
32%
Men's Individual All-Around Silver China Zhang Boheng
32%
Men's Horizontal Bar Bronze China Zhang Boheng
32%
Women's Balance Beam Silver China Zhou Yaqin
32%
Men's Rings Bronze Greece Eleftherios Petrounias
28%
Women's Team All-Around Bronze Brazil Lorrane Oliveira
28%
Women's Uneven Bars Silver China Qiu Qiyuan
28%
Men's Team All-Around Silver China Zou Jingyuan
28%
Men's Rings Silver China Zou Jingyuan
28%
Men's Parallel Bars Gold China Zou Jingyuan
28%
Men's Team All-Around Gold Japan Kazuma Kaya
24%
Men's Team All-Around Silver China Xiao Ruoteng
24%
Men's Individual All-Around Bronze China Xiao Ruoteng
24%
Men's Team All-Around Silver China Su Weide
20%
Men's Horizontal Bar Bronze Chinese Taipei Tang Chia-hung
20%
Men's Team All-Around Gold Japan Takaaki Sugino
12%
Men's Team All-Around Gold Japan Wataru Tanigawa
12%
No matching quizzes found
Score Distribution
Percent of People with Each Score
Percentile by Number Answered
Your Score History
You have not taken this quiz since the last reset